Datum a čas kvízu

25.5 Celkem bodů Celkový počet nahraných bodů na tomto kvízu bez doplňovacích otázek.
14. Pořadí na kvízu Konečné umístění týmu na tomto kvízu.

Zaznamenané odpovědi

# Otázka Odpověď Body Výsledky
1. Minulý týden byli jmenováni dv... D 0
2. Na co je podle šéfky pro zahra... A 0
3. Minulý týden bylo oznámeno jmé... o Hanse Zimmera 0
4. Firma Mattel uvedla na trh nov... C 1
5. Stáj formule 1 Red Bull minulý... Martin Šonka 0
6. Vaším úkolem v tématu bude odh... červená, žlutá 0.5
7. Teď se podíváme na domácí fotb... čtyři 0
8. Pojďme na hokej. Olomoucký koh... červenou 0
9. Na základě zobrazených barev l... New York Knicks 0
10. Které americké město oslavuje... Pittsburgh 1